Test de rapidité - Texte à recopier - Statistiques

Statistiques générales
  • Ce quiz a été pris 3 237 fois
  • Le résultat moyen est 22 sur 39
Statistiques - réponses
Hint Réponse % Correct
Je Je
100%
dois dois
98%
ce ce
95%
réécrire réécrire
95%
sinon sinon
94%
texte texte
94%
on on
93%
dit dit
92%
je je
92%
me me
92%
que que
92%
suis suis
91%
éclatée éclatée
89%
au au
88%
sol sol
87%
de plus de plus
85%
ma ma
84%
récompense récompense
77%
de de
75%
quinze quinze
70%
mille mille
66%
huit huit
61%
cent cent
57%
soixante soixante
46%
dix dix
41%
euros euros
35%
sera sera
30%
perdue perdue
25%
à à
21%
partir partir
17%
d'ici d'ici
14%
la la
12%
victoire victoire
9%
m'est m'est
7%
donnée donnée
6%
merci merci
4%
beaucoup beaucoup
3%
bye bye
2%
guys guys
1%
Aucun quiz correspondant
Distribution des résultats
% des personnes avec chaque résultat
Percentile par nombre de réponses
Votre historique - résultats
Vous n’avez pas pris ce quiz